Über Kurven und Flächen in allgemeinen Räumen /
Guardado en:
| Autor Principal: | |
|---|---|
| Formato: | Libro |
| Idioma: | German |
| Publicado: |
Basel :
Birkhäuser,
1951.
|
| Series: | Lehrbücher und Monographien aus dem Gebiete der exakten Wissenschaften. Mathematische Reihe ;
Bd. 11 |
| Etiquetas: |
Agregar Etiqueta
Sin Etiquetas, Sea el primero en etiquetar este registro!
|
| LEADER | 00793nam a22001935a 4500 | ||
|---|---|---|---|
| 001 | MAT.inmabb001577 | ||
| 008 | 031124s1951####sz############000#0#ger#d | ||
| 005 | 20170818124235.0 | ||
| 245 | 1 | 0 | |a Über Kurven und Flächen in allgemeinen Räumen / |c von P. Finsler. |
| 260 | |a Basel : |b Birkhäuser, |c 1951. | ||
| 300 | |a ix, 160 p. ; |c 25 cm. ?? | ||
| 440 | 0 | |a Lehrbücher und Monographien aus dem Gebiete der exakten Wissenschaften. |p Mathematische Reihe ; |v Bd. 11 | |
| 500 | |a Unveränderter Nachdruck der Dissertation von 1918, mit ausfürlichem Literaturverzeichnis von H. Schubert ?? | ||
| 502 | |a Doktor, Georg-August-Universität, Göttingen, 1918. ?? | ||
| 510 | 4 | |a MR, |c MR0042195 | |
| 100 | 1 | |a Finsler, P. | |
| 084 | |a 53-XX |2 msc2000 | ||
| 010 | |a 51034224 | ||
| 859 | |h 53 |i F516 |p A-1965 |b BIB. MATEMATICA | ||
